Countries with the Most Long Rivers - Statistics

General Stats
  • This quiz has been taken 1,054 times
  • The average score is 18 of 25
Answer Stats
# Country % Correct
16 Brazil
98%
14 United States
98%
27 Russia
97%
14 China
96%
7 Canada
94%
4 India
93%
5 Argentina
88%
4 DR Congo
83%
7 Colombia
79%
5 Peru
79%
4 Australia
77%
3 Venezuela
73%
5 Kazakhstan
68%
3 Ukraine
68%
8 Bolivia
66%
3 Turkey
63%
4 Mongolia
61%
3 Sudan
59%
3 Ethiopia
56%
3 Paraguay
56%
3 Tanzania
55%
3 Myanmar
48%
4 Angola
45%
3 Namibia
33%
4 Botswana
29%
No matching quizzes found
Score Distribution
Percent of People with Each Score
Percentile by Number Answered
Your Score History
You have not taken this quiz